000 00283nam a22001337a 4500
003 SGT
082 _a615.53
_bM12S
100 _aSHASTRI, BRAHASANKAR
245 _aMADHAWANIDANAM
260 _aVARANASI
_bCHAUKHAMBHA PUB
_c2012
300 _a411
650 _aAYURVEDA
942 _2ddc
_cBK
999 _c8353
_d8353